000 00554nam a22001937a 4500
005 20231206115153.0
008 231204b |||||||| |||| 00| 0 eng d
020 _a9781437725438
082 _a615.82
_bSYN
100 _aGoodman; Catherine, Cavallaro
245 _aDifferential diagnosis for physical therapists:
_bScreening for referral,
_cGoodman; Catherine, Cavallaro
250 _a6th ed.
260 _aUSA
_bElsevier
_c2018
300 _a779
500 _aInclude Index
650 _aMedical
700 _aSynder,teresa E.Kelly
999 _c34752
_d34752